The commands of the King and other talks to boys and girls. (Record no. 12260)

000 -LEADER
fixed length control field 00631nam a2200193 a 4500
001 - CONTROL NUMBER
control field :::00010062$&:&@@
003 - CONTROL NUMBER IDENTIFIER
control field OkBaRHE
005 - DATE AND TIME OF LATEST TRANSACTION
control field 20000607103355.0
008 - FIXED-LENGTH DATA ELEMENTS--GENERAL INFORMATION
fixed length control field j 000 0 eng u
040 ## - CATALOGING SOURCE
Transcribing agency
100 1# - MAIN ENTRY--PERSONAL NAME
Personal name Belden, Albert David, 1883-
245 14 - TITLE STATEMENT
Title The commands of the King and other talks to boys and girls.
260 ## - PUBLICATION, DISTRIBUTION, ETC. (IMPRINT)
Place of publication, distribution, etc London, UK:EN., :
Name of publisher, distributor, etc The National Sunday School Union
Date of publication, distribution, etc nd
300 ## - PHYSICAL DESCRIPTION
Extent 116 p. ;
Dimensions 19 cm.
650 ## - SUBJECT ADDED ENTRY--TOPICAL TERM
Topical term or geographic name as entry element Children's Sermons
650 ## - SUBJECT ADDED ENTRY--TOPICAL TERM
Topical term or geographic name as entry element Children's Stories
942 ## - ADDED ENTRY ELEMENTS (KOHA)
Source of classification or shelving scheme
Koha item type Books
Copies
Price effective from Full call number Not for loan Date acquired Source of classification or shelving scheme Damaged status Copy number Koha item type Withdrawn status Barcode Shelving location Permanent Location Date last seen Lost status
2010-04-14BV 4315 .B362 2010-04-14  1Books 10062General StacksRHEMA Bible Training College2010-04-14